Statistics for The Simpsons - Treehouse of Horror Quiz #1

Click here to take the quiz!

General Stats

  • This quiz has been taken 131 times
    (114 since last reset)
  • The average score is 12 of 25

Answer Stats

Treehouse of Horror _ (Season _)QuestionsAnswer% Correct
Treehouse of Horror IV (Season 5)In "The Devil and Homer Simpson", what did Homer trade his soul for?1 Donut
79%
Treehouse of Horror I (Season 2)In "Bad Dream House", who is the first person to nearly be killed?Bart
77%
Treehouse of Horror I (Season 2)Name one of the three aliens featured in "Hungry are the Damned"Kang | Kodos | Serak
77%
Treehouse of Horror V (Season 6)In "The Shinning", what two things did Mr Burns remove from his manor, which made Homer go crazy?Beer
72%
Treehouse of Horror V (Season 6)In "The Shinning", what two things did Mr Burns remove from his manor, which made Homer go crazy?Television
69%
Treehouse of Horror III (Season 4)In "Dial "Z" for Zombies", what is the name of the pet that died whom Bart and Lisa wanted to resurrect?Snowball
63%
Treehouse of Horror I (Season 2)In "Hungry are the Damned", what is the name of the cookbook?How to cook for Forty Humans
60%
Treehouse of Horror IV (Season 5)In "Terror at 5 1/2 Feet", which character picked up the gremlin, but was killed by it at the end?Ned Flanders
60%
Treehouse of Horror V (Season 6)In "Time and Punishment", what did Homer make a time machine out of?Toaster
57%
Treehouse of Horror V (Season 6)In all three segments of THOH V, what weapon is Groundskeeper Willie killed by?Axe
55%
Treehouse of Horror III (Season 4)In "King Homer", what happens to Marge and King Homer at the end of the segment?They get married
55%
Treehouse of Horror II (Season 3)In "Bart's Nightmare", what does Homer get turned into?Jack-in-the-box
51%
Treehouse of Horror V (Season 6)In "Nightmare Cafeteria", who is the second pupil to be killed from "detention", to then be eaten?Üter
51%
Treehouse of Horror II (Season 3)In "Lisa's Nightmare", what was Maggie's wish?A new Pacifier
47%
Treehouse of Horror I (Season 2)In "Bad Dream House", what is the house built upon?Cemetery (Indian Burial Ground)
47%
Treehouse of Horror I (Season 2)In "The Raven", who voiced the narrator?James Earl Jones
44%
Treehouse of Horror IV (Season 5)In "Terror at 5 1/2 Feet", which re-occuring character was seen driving an AMC Gremlin?Hans Moleman
43%
Treehouse of Horror IV (Season 5)In "Bart Simpson's Dracula", where does Mr Burns live?Pennsylvania
37%
Treehouse of Horror II (Season 3)In "Homer's Nightmare", what is Homer's job after he gets fired?Gravedigger
35%
Treehouse of Horror III (Season 4)In "King Homer", what is one of the names of the Islands that the seamen mention on the ship?Ape Island | Candy Apple Island
31%
Treehouse of Horror II (Season 3)In "Bart's Nightmare", who gets turned into a dog for being unhappy?Jasper
29%
Treehouse of Horror IV (Season 5)In "The Devil and Homer Simpson", what did Lionel Hutz comb his hair with?Fork
23%
Treehouse of Horror III (Season 4)In "Dial "Z" for Zombies", what is the first book Bart is seen reading in the Library?Find Waldo Yet Again
15%
Treehouse of Horror III (Season 4)In "Clown Without Pity", what is the name of the store where Homer buys Bart's present?House of Evil
13%
Treehouse of Horror II (Season 3)In "Lisa's Nightmare", where did Homer buy the monkey's paw from?Marrakesh
12%

Score Distribution

Percentile by Number Answered

Percent of People with Each Score

Your Score History

You have not taken this quiz since the last reset